Introducción a la computación.

Bibliographic Details
Main Author: Norton, Peter
Format: Section = Libro
Language:Undetermined
Spanish
Published: México McGraw-Hill 2006
Edition:6a.ed.
Subjects:
LEADER 00681nam a2200253Ia 4500
008 240830s9999 xx 000 0 und d
020 |a 978-970-10-5108-5 
040 |a CEDOC FIQ-RUSB / 004 N886i 
041 |a spa 
082 |a 004 N886i 
100 1 |a Norton, Peter 
245 1 0 |a Introducción a la computación. 
250 |a 6a.ed. 
260 |a México  |b McGraw-Hill  |c 2006 
300 |a 656 p. :il 
650 7 |a CIENCIAS DE LAS COMPUTADORAS 
650 7 |b  PROCESAMIENTO DE DATOS 
650 7 |c  SISTEMAS OPERATIVOS 
650 7 |d  COMUNICACION DE DATOS - REDES 
650 7 |e  INTERNET 
650 7 |f  SISTEMAS DE INFORMACION 
942 |c BK  |2 ddc 
991 |a TEXTO 
999 |c 13225